Visualizzazione normale
Vista MARC
- Collesei , Gabriella
di Personal Name
Records bibliografici associati: 1
001 - CONTROL NUMBER
- control field: 293
003 - CONTROL NUMBER IDENTIFIER
- control field: IT-RoPau
005 - DATE AND TIME OF LATEST TRANSACTION
- control field: 20130129102554.0
008 - FIXED-LENGTH DATA ELEMENTS
- fixed length control field: 130129|| aca||aabn | a|a d
040 ## - CATALOGING SOURCE
- Original cataloging agency: IT-RoPau
- Transcribing agency: IT-RoPau
100 ## - HEADING--PERSONAL NAME
- Personal name: Collesei , Gabriella
670 ## - SOURCE DATA FOUND
- Source citation: Work cat.: (IT-RoPau): Collesei , Gabriella, Tecla Merlo, 2003